Normal view
MARC view
- SUPERVISORS DR. IMRAN SHAFI LEC. JAWAD HAIDER
Entry Personal Name
001 - CONTROL NUMBER
- control field: 70722
003 - CONTROL NUMBER IDENTIFIER
- control field: NUST
005 - DATE AND TIME OF LATEST TRANSACTION
- control field: 20210628204540.0
008 - FIXED-LENGTH DATA ELEMENTS
- fixed length control field: 210628|| aca||aabn | a|a d
040 ## - CATALOGING SOURCE
- Original cataloging agency: NUST
- Transcribing agency: NUST
100 ## - HEADING--PERSONAL NAME
- Personal name: SUPERVISORS DR. IMRAN SHAFI LEC. JAWAD HAIDER
670 ## - SOURCE DATA FOUND
- Source citation: Work cat.: (NUST): MUHAMMAD MUQADDAS REHMAN SYED MUHAMMAD FAHAD BUKHARI HAMZA KHAN KHATTAK 70720, PR-SOF-1700-DESIGN AND DEVELOPMENT OF SOLAR POWERED VEHICLE WITH FOCUS ON DYNAMIC ANALYSIS OF SUSPENSION, STEERING SYSTEM AND CG CALCULATION, 2018
